000 01192nam a22002177a 4500
008 150519b xxu||||| |||| 00| 0 eng d
020 _a9789280811148
041 0 _aeng
080 _a573 SAS
100 _aSasson, Albert.
245 0 0 _aMedical biotechnology :
_cAlbert Sasson.
260 _aTokyo ;
_bUnited Nations University Press,
_cc2005.
300 _a 154 f
_b24 cm.
500 _aIncludes bibliographical references (p. 143-148) and index.
505 _aIntroduction: biotechnology, bio-industry and bio-economy -- Medical and pharmaceutical biotechnology: current achievements and innovation prospects -- Regulatory issues -- The economics of pharmaceutical biotechnology and bio-industry -- Promising areas and ventures -- Medical and pharmaceutical biotechnology in some developing countries -- Social acceptance of medical and pharmaceutical biotechnology -- The globalization of regulatory standards and ethical norms: solidarity with developing nations.
650 _aBiotechnology.
650 _aTechnology, Pharmaceutical.
650 _aPharmaceutical biotechnology.
650 _aBiotechnology industries.
942 _2udc
_cBK
999 _c817
_d817